000 00630cam a22001697a 4500
008 180718b2003 xxu||||| |||| 00| 0 eng d
020 _a0821354892
082 _aT421x8 Ea77
245 _aThe limits of stabilization: infrastructure, public deficits, and growth in Latin America
_cedited by William Easterly and Luis Serven
260 _aWashington, D.C.
_bWorld Bank
_c2003
300 _a209p.
650 _aPublic-private sector cooperation - Latin America
650 _aEconomic stabilization - Latin America
650 _aInfrastructure (Economics) - Latin America
700 _aServen, Luis
700 _aEasterly, William
999 _c289936
_d289936